Cast of Mythbusters Quiz Stats

 Plays Quiz Updated Sep 17, 2014

Score 0/10 Timer 04:00
0 Plays Today
Role Cast Member % Correct
MythbusterJamie Hyneman
93.7%
MythbusterAdam Savage
91.1%
Build TeamGrant Imahara
77.1%
Build TeamTory Belleci
68.9%
Build TeamKari Byron
55.7%
Former Build TeamScottie Chapman
19.8%
Former MythternJess Nelson
17.8%
NarratorRobert Lee
9.3%
FolkloristHeather Joseph-Witham
8.1%
Former MythternChristine Chamberlain
6.9%

You're not logged in!

Compare scores with friends on all Sporcle quizzes.
OR
Log In

Sporcle TV

Today on Sporcle TV


Watch our educational content, quiz creation guides, and fun videos on Sporcle TV.

Show Comments

Extras

Top Quizzes Today


Score Distribution

Your Account Isn't Verified!

In order to create a playlist on Sporcle, you need to verify the email address you used during registration. Go to your Sporcle Settings to finish the process.

Report this User

Report this user for behavior that violates our Community Guidelines.

Details: